| 000 | 00681nam a2200121Ia 4500 | ||
|---|---|---|---|
| 008 | 220620s9999||||xx |||||||||||||| ||und|| | ||
| 245 | 0 | _aModern Languages Across the Curriculum | |
| 546 | _aEnglish[eng] | ||
| 650 | _acommunicative||teaching||integrated||learning||foreign||clil||teacher||target||class||education||Arthur van Essen||Claude Springer||Piet Van de Craen||Dieter Wolff||David Marsh||Carmel Mary Coonan||Carmen Pérez-Vidal||Cheryl Hardy||Kim Brown||Shirley Dobson||Rosanna Raimato||Glenn Ole Hellekjaer||Aud Marit Simensen||Melanie Valet | ||
| 700 | _aGrenfell, Michael | ||
| 856 | _uhttps://library.oapen.org/bitstream/20.500.12657/24180/1/1005951.pdf | ||
| 942 | _cEB | ||
| 999 |
_c26647 _d26647 |
||